<?xml version="1.0" encoding="UTF-8"?>
<record
    xmlns:xsi="http://www.w3.org/2001/XMLSchema-instance"
    xsi:schemaLocation="http://www.loc.gov/MARC21/slim http://www.loc.gov/standards/marcxml/schema/MARC21slim.xsd"
    xmlns="http://www.loc.gov/MARC21/slim">

  <leader>00488nam a2200145 a 4500</leader>
  <controlfield tag="001">BRCA_2042</controlfield>
  <controlfield tag="005">20190320203639.0</controlfield>
  <controlfield tag="008">010808s2001----mx-#---###---#000-0#spa-#</controlfield>
  <datafield tag="050" ind1=" " ind2="4">
    <subfield code="a">Z649.D4</subfield>
    <subfield code="b">.D47 2001</subfield>
  </datafield>
  <datafield tag="245" ind1="1" ind2="0">
    <subfield code="a">El dep&#xF3;sito legal en M&#xE9;xico</subfield>
    <subfield code="b">&#xF3;rdenes y decretos expedidos de 1812 a 1991.</subfield>
  </datafield>
  <datafield tag="260" ind1=" " ind2=" ">
    <subfield code="a">M&#xE9;xico</subfield>
    <subfield code="b">Palacio Legislativo Federal</subfield>
    <subfield code="c">2001</subfield>
  </datafield>
  <datafield tag="300" ind1=" " ind2=" ">
    <subfield code="a">66 p.</subfield>
    <subfield code="c">22 cm.</subfield>
  </datafield>
  <datafield tag="650" ind1="1" ind2="4">
    <subfield code="a">Dep&#xF3;sito legal de libros</subfield>
    <subfield code="x">&#xD3;rdenes y decretos</subfield>
    <subfield code="y">1812 a 1991</subfield>
    <subfield code="z">M&#xE9;xico</subfield>
    <subfield code="9">6240</subfield>
  </datafield>
  <datafield tag="942" ind1=" " ind2=" ">
    <subfield code="2">lcc</subfield>
    <subfield code="c">B</subfield>
  </datafield>
  <datafield tag="999" ind1=" " ind2=" ">
    <subfield code="c">1808</subfield>
    <subfield code="d">1808</subfield>
  </datafield>
  <datafield tag="952" ind1=" " ind2=" ">
    <subfield code="0">0</subfield>
    <subfield code="1">0</subfield>
    <subfield code="4">0</subfield>
    <subfield code="7">0</subfield>
    <subfield code="a">BRCA</subfield>
    <subfield code="b">BRCA</subfield>
    <subfield code="d">2008-08-01</subfield>
    <subfield code="l">0</subfield>
    <subfield code="o">Z649.D4 .D47 2001</subfield>
    <subfield code="p">00457</subfield>
    <subfield code="r">2019-03-22 00:00:00</subfield>
    <subfield code="w">2019-03-22</subfield>
    <subfield code="y">B</subfield>
  </datafield>
</record>
